00627nam a2200169Ia 4500952009400000999001700094008004100111020001500152082001800167100004200185245009600227260002400323300001800347519004300365650004200408942000700450 00104070a01b01d2007-01-25l0o005.43 H430ap01 001764r2012-06-24t1w2012-06-24yLB c58409d58409120622s9999 xx 000 0 und d a9681818563 a005.43bH430a aHernández Jiménez, Ricardoeautor aEL alma de la computadorab : sistemas operativos O.S. IBMn/ Ricardo Hernández Jiménez aMéxicob : Limusa a251 páginas aMaterial Complementario /d(01 001764)14aSISTEMAS OPERACIONALES (COMPUTADORES) cLB